[Event "2nd International Chess Festiv"]
[Site "Paracin"]
[Date "2009.08.21"]
[Round "4.27"]
[White "Djuretanovic, Ivan"]
[Black "Blazeka, Damjan"]
[Result "1-0"]
[WhiteElo "2150"]
[BlackElo "1969"]
[PlyCount "119"]
[EventDate "2009.08.19"]

1. e4 c5 2. Nf3 e6 3. d4 cxd4 4. Nxd4 Nf6 5. Nc3 Nc6 6. Nxc6 bxc6 7. e5 Nd5 8.
Nxd5 cxd5 9. Bd3 Ba6 10. O-O Bxd3 11. Qxd3 Qc7 12. f4 Bc5+ 13. Kh1 O-O 14. Bd2
Rab8 15. b3 d6 16. Rae1 Rfc8 17. c3 a5 18. Qh3 dxe5 19. fxe5 d4 20. Rf3 dxc3
21. Bxc3 Bb4 22. Bxb4 axb4 23. Ref1 Rf8 24. Qh5 Rb5 25. Re3 Qc5 26. Qe2 Rd8 27.
h3 Rb7 28. Re4 Qd5 29. Qf3 h6 30. Qf4 Qd2 31. Qh4 Rc8 32. Rg4 Rc1 33. Rxc1
Qxc1+ 34. Kh2 Qd2 35. Rd4 Qe2 36. Qf4 Rb5 37. Qe4 Qxe4 38. Rxe4 Kh7 39. Kg3 Kg6
40. Kf4 Ra5 41. Rxb4 Rxa2 42. g3 Rf2+ 43. Ke3 Rc2 44. Rc4 Rb2 45. b4 f6 46.
exf6 gxf6 47. Kd4 e5+ 48. Kc5 f5 49. b5 e4 50. Rb4 Rd2 51. b6 Rd8 52. b7 Rb8
53. Kc6 Kg5 54. Kc7 Re8 55. b8=Q Rxb8 56. Rxb8 e3 57. Kd6 f4 58. Rg8+ Kf5 59.
Rf8+ Ke4 60. gxf4 1-0

[Event "2nd International Chess Festiv"]
[Site "Paracin"]
[Date "2009.08.21"]
[Round "4.28"]
[White "Grkovic, Milan"]
[Black "Vucinic, Gojko"]
[Result "1-0"]
[WhiteElo "2137"]
[BlackElo "1937"]
[Annotator ",compaq"]
[PlyCount "182"]
[EventDate "2009.08.19"]

1. d4 Nf6 2. c4 c5 3. d5 b5 4. Qc2 bxc4 5. e4 e6 6. Bxc4 Ba6 7. dxe6 fxe6 8. e5
Bxc4 9. Qxc4 Nd5 10. Nc3 Nb4 11. Ne4 N8c6 12. Nf3 Nd4 13. Nxd4 cxd4 14. O-O Rc8
15. Qe2 Be7 16. Qh5+ g6 17. Qh6 Bf8 18. Qh3 Rxc1 19. Nf6+ Kf7 20. Raxc1 Bg7 21.
Ne4 Bxe5 22. f4 Bf6 23. Rc8 Qxc8 24. Nd6+ Kg7 25. Nxc8 Rxc8 26. Qa3 Nc6 27. Qd6
Rd8 28. Rc1 Kf7 29. Qc7 Ke8 30. a3 a5 31. Kf1 h6 32. Rc4 d3 33. b4 axb4 34.
axb4 Nd4 35. Rxd4 Bxd4 36. Qc4 Ba7 37. Qxd3 Kf7 38. Qd6 Bb8 39. Qd4 Bc7 40. b5
Bb8 41. b6 d5 42. g3 Bd6 43. b7 Rb8 44. Qb6 Ke7 45. Qc6 Rd8 46. Ke2 h5 47. Kd3
Bb8 48. Qc3 Kf7 49. Qa5 Ke7 50. Qc5+ Bd6 51. Qb6 Bb8 52. Kd4 Bd6 53. Qc6 Rf8
54. Qc8 Rd8 55. Qa8 Rb8 56. Kc3 Kf8 57. Qa6 Ke7 58. Qc6 Rd8 59. Kb3 Rf8 60. Ka4
Rd8 61. Kb5 Bb8 62. Qc2 Rg8 63. Qc5+ Bd6 64. Qc8 Rd8 65. Qc2 Kf7 66. Qd3 Bb8
67. Qd4 Bd6 68. h3 Rg8 69. g4 hxg4 70. hxg4 g5 71. Kc6 Bxf4 72. Kd7 Re8 73. Qc5
Be5 74. Qc8 Rg8 75. Qc2 Rh8 76. Qe2 Kf6 77. Qe3 Rb8 78. Qb6 Bf4 79. Qxe6+ Kg7
80. Qxd5 Kf6 81. Qe6+ Kg7 82. Kc6 Rf8 83. Qc8 Rf6+ 84. Kb5 Rf8 85. Ka6 Rf6+ 86.
Kb5 Rf8 87. Kc4 Kf7 88. Kd5 Kg7 89. Ke4 Kg8 90. Qc4+ Rf7 91. Qc8+ Rf8 {...} 1-0

[Event "2nd International Chess Festiv"]
[Site "Paracin"]
[Date "2009.08.21"]
[Round "4.30"]
[White "Bulatovic, Nikola"]
[Black "Tausanov, Mihail"]
[Result "1/2-1/2"]
[WhiteElo "2111"]
[BlackElo "1914"]
[PlyCount "59"]
[EventDate "2009.08.19"]

1. e4 c5 2. Nf3 Nc6 3. d4 cxd4 4. Nxd4 g6 5. Nc3 Bg7 6. Nb3 Nf6 7. Be2 O-O 8.
O-O a5 9. a4 d6 10. Bg5 Be6 11. f4 Nd7 12. Kh1 Bxb3 13. cxb3 Nc5 14. Bf3 Nd4
15. Nd5 f6 16. Qxd4 fxg5 17. Qc4 e6 18. b4 axb4 19. Nxb4 gxf4 20. Rad1 Kh8 21.
Rfe1 Qb6 22. b3 Be5 23. Nd3 Nxd3 24. Rxd3 Qa6 25. Qxa6 bxa6 26. Bg4 Rfe8 27.
Rc1 h5 28. Be2 Rec8 29. Rdd1 a5 30. Bc4 1/2-1/2

[Event "2nd International Chess Festiv"]
[Site "Paracin"]
[Date "2009.08.21"]
[Round "4.32"]
[White "Mijovic, Cedomir"]
[Black "Bozilov, Dragan"]
[Result "1/2-1/2"]
[WhiteElo "2048"]
[BlackElo "1830"]
[PlyCount "77"]
[EventDate "2009.08.19"]

1. d4 Nf6 2. Nf3 e6 3. Bg5 d5 4. e3 Nbd7 5. Be2 h6 6. Bh4 Bd6 7. Nbd2 e5 8.
dxe5 Nxe5 9. Nxe5 Bxe5 10. c3 O-O 11. Nf3 Re8 12. Nxe5 Rxe5 13. Qd4 Qe7 14. Bf3
c5 15. Bxf6 gxf6 16. Qd2 Be6 17. O-O Kh7 18. Rfe1 f5 19. Be2 Bd7 20. Bd3 Rg8
21. f4 Re4 22. Bxe4 Qxe4 23. Re2 Bc6 24. Qc2 Qe6 25. Rae1 Rg4 26. b3 h5 27. c4
Qg6 28. cxd5 Bxd5 29. e4 Bxe4 30. Rxe4 fxe4 31. Qxe4 b6 32. Qxg6+ Rxg6 33. Re7
Rf6 34. g3 a5 35. a4 Rc6 36. Re4 Rd6 37. Re3 Rd2 38. Kh1 Rc2 39. Rd3 1/2-1/2

[Event "2nd International Chess Festiv"]
[Site "Paracin"]
[Date "2009.08.21"]
[Round "4.37"]
[White "Blazeka, Djuro"]
[Black "Maljevic, Aleksa"]
[Result "1-0"]
[WhiteElo "1928"]
[BlackElo "1687"]
[PlyCount "69"]
[EventDate "2009.08.19"]

1. e4 c5 2. Nf3 Nc6 3. d4 cxd4 4. Nxd4 Nf6 5. Nc3 d6 6. Be2 e5 7. Nf3 h6 8. O-O
Be7 9. Re1 O-O 10. Bf1 Qc7 11. Nd5 Nxd5 12. exd5 Nb8 13. Be3 b6 14. a4 a5 15.
Ra3 Na6 16. Qd2 Kh7 17. Rd1 Bg4 18. Bxa6 e4 19. Bd3 f5 20. h3 Bxf3 21. gxf3
exd3 22. Qxd3 Kg8 23. Rc3 Qb7 24. Rc6 Ra6 25. Bf4 Rd8 26. Qxf5 Ra7 27. Qe6+ Kh7
28. Bxd6 Bxd6 29. Rxd6 Rxd6 30. Qxd6 Qc8 31. Qxb6 Rf7 32. Qe6 Rd7 33. d6 Qc6
34. Qe4+ Qxe4 35. fxe4 1-0

[Event "2nd International Chess Festiv"]
[Site "Paracin"]
[Date "2009.08.21"]
[Round "4.42"]
[White "Markovic, Predrag M"]
[Black "Stojkovska, Monika"]
[Result "0-1"]
[WhiteElo "1773"]
[BlackElo "1889"]
[PlyCount "76"]
[EventDate "2009.08.19"]

1. e4 c5 2. Nf3 Nc6 3. Bb5 e5 4. O-O Nge7 5. Re1 g6 6. c3 Bg7 7. Na3 d6 8. Nc2
Bg4 9. Ne3 Be6 10. d4 cxd4 11. cxd4 exd4 12. Nxd4 O-O 13. Nxe6 fxe6 14. Bc4 Qd7
15. Ng4 d5 16. a4 Rad8 17. exd5 exd5 18. Bd3 Kh8 19. Ra3 d4 20. Bh6 Nf5 21.
Bxg7+ Qxg7 22. Be4 Rfe8 23. f3 Nb4 24. Rb3 a5 25. Bxf5 gxf5 26. Rxe8+ Rxe8 27.
Nf2 d3 28. g3 Qd4 29. Rxb4 axb4 30. Qxd3 Re1+ 31. Kg2 Qxd3 32. Nxd3 Re2+ 33.
Kf1 Rxh2 34. Nf2 b3 35. Ke2 Rh6 36. Nd1 Rg6 37. Kf2 Rc6 38. Ke3 Rc4 0-1